000 00664nam a22002057a 4500
005 20240530110433.0
008 150405s2010 ju a g 000 0 ara d
040 _aEG-CaGPL
082 0 4 _221
_a910.4953121\
_bم ر
100 0 _aمحمد اسد
245 1 0 _aرحلة محمد اسد :
_bالطريق الى مكة /
_cمحمد اسد .
250 _aط1.
260 _aالاردن :
_bدار الامل ،
_c2010.
300 _a367 ص ؛
_c24 سم.
650 0 4 _aرحلة محمد اسد
651 0 4 _aمكة
_xوصف ورحلات.
651 0 4 _aالسعودية
_xوصف ورحلات.
942 _2ddc
_cBK
999 _c60896
_d60896